000 00604cam a22002053a 4500
001 46007
003 PGUSA
005 20140828084056.0
008 140616s2014||||xxu|||||s|||||000 | eng d
040 _aPGUSA
_beng
042 _adc
100 1 _aPorter, Horace
245 1 0 _aOur Young Aeroplane Scouts in Russia :
_bLost on the Frozen Steppes
_h[electronic resource] /
_cHorace Porter
260 _bProject Gutenberg,
_c2014
506 _aPublic domain in the USA.
516 _aElectronic text
830 0 _aProject Gutenberg
_v46007
856 4 0 _uhttp://www.gutenberg.org/ebooks/46007
942 _cEB
999 _c275256
_d275256